La visión y el ojo

I tiakina i:
Ngā taipitopito rārangi puna kōrero
Kaituhi matua: Begbie, G. Hugh (Author)
Hōputu: Pukapuka
Reo:Pāniora
I whakaputaina: Buenos Aires EUDEBA 1972
Rangatū:Biblioteca de Divulgación. Ciencia Joven, 41
Ngā marau:
Ngā Tūtohu: Tāpirihia he Tūtohu
Kāore He Tūtohu, Me noho koe te mea tuatahi ki te tūtohu i tēnei pūkete!

MARC

LEADER 00000nam a2200000 a 4500
001 UCT1544
003 CL-VaPUC
008 960927e19720000AG |||||||||||||||||spa|d
082 0 4 |a 612.84  |b BEG  |2 21 
100 0 |a Begbie, G. Hugh  |e author  |9 370454 
245 1 3 |a La visión y el ojo 
300 |a 287 p 
942 |c BK 
945 |d 19960927 00:00:00  |a paguirre 
260 |a Buenos Aires  |b EUDEBA  |c 1972 
500 |a Una introducción a la percepción visual 
650 0 |a Ojos  |9 344511 
650 0 |a Física de la visión  |9 852308 
650 0 |a Visión  |9 269056 
650 7 |a ORGANOS SENSORIALES  |2 CL-VaPUC  |9 360545 
650 7 |a PARTES DEL CUERPO  |2 CL-VaPUC  |9 370456 
650 7 |a NERVIOS CRANEALES  |2 CL-VaPUC  |9 370457 
583 |a last modification  |c 20160907 08:15:36  |k Rodrigo Vera 
490 0 |a Biblioteca de Divulgación. Ciencia Joven, 41 
999 |c 252030  |d 252028 
952 |0 0  |1 0  |4 0  |6 612_840000000000000_BEG_1972  |7 0  |8 P  |9 271621  |a BIBEDU  |b BIBEDU  |c BIBEDU_PB  |d 2019-11-19  |i 4739892  |o 612.84 BEG 1972  |p 4739892  |r 2024-01-25  |w 2019-11-19  |y BK  |k FIL